[Event "Tournoi n27298"]
[Site "www.echecsemail.com"]
[Date "2026.01.13"]
[Round "1"]
[White "Rvsinovitch"]
[Black "Kiki24"]
[WhiteElo "2010"]
[BlackElo "1850"]
[Result "1-0"]
1.e4 d5
2.exd5 Qd8xd5
3.Nb1c3 Qd5a5
4.d4 Ng8f6
5.Ng1f3 c6
6.Bc1d2 Qa5c7
7.Bf1e2 Bc8g4
8.O-O Nb8d7
9.h3 Bg4f5
10.a4 h6
11.Rf1e1 e6
12.Be2c4 Bf8e7
13.Nf3e5 O-O
14.Bc4d3 Bf5xd3
15.Ne5xd3 Rf8e8
16.Qd1f3 Ra8d8
17.Bd2f4 Qc7a5
18.Nd3e5 Nf6d5
19.Nc3xd5 Qa5xd5
20.Qf3xd5 exd5
21.Kf1 Be7f6
22.c3 Nd7xe5
23.Bf4xe5 Bf6xe5
24.Re1xe5 f6
25.Re5xe8 Rd8xe8
26.Ra1e1 Re8xe1
27.Kxe1 Kf7
28.Ke2 Ke6
29.g4 g5
30.Ke3 f5
31.f4 fxg4
32.hxg4 gxf4
33.Kxf4 Kf6
34.a5 b6
35.axb6 axb6
36.b3 c5
37.dxc5 bxc5
38.b4 cxb4
39.cxb4 Ke6
40.Ke3 Ke5
41.b5 Ke6
42.Kd3 Ke5
43.b6 Kd6
44.Kd4 Kc6
45.b7 Kxb7
46.Kxd5 Kc7
47.Ke6 Kd8
48.Kf7 Kd7
49.Kg7 Ke7
50.Kxh6 Kf8
51.Kh7 { abandon }1-0

[Event "Memorial Lara CIII"]
[Site "www.echecsemail.com"]
[Date "2026.01.13"]
[Round "1"]
[White "Orosco"]
[Black "Rvsinovitch"]
[WhiteElo "2270"]
[BlackElo "2030"]
[Result "0-1"]
1.e4 c6
2.d4 d5
3.exd5 cxd5
4.c4 Ng8f6
5.Nb1c3 Nb8c6
6.Bc1g5 e6
7.cxd5 exd5
8.Ng1f3 Bf8e7
9.Bf1d3 O-O
10.O-O h6
11.Bg5e3 Nf6g4
12.Be3d2 a6
13.h3 Ng4f6
14.Ra1c1 Bc8e6
15.Rf1e1 Ra8c8
16.Bd3b1 Nc6a5
17.Bd2f4 Na5c4
18.Qd1c2 Be7d6
19.Bf4e5 Bd6xe5
20.dxe5 Nc4xe5
21.Re1xe5 d4
22.Rc1d1 b5
23.Nf3xd4 Qd8b6
24.Nd4xe6 fxe6
25.Re5e2 b4
26.Qc2g6 bxc3
27.bxc3 Rc8xc3
28.Rd1e1 Rc3c6
29.Re2e3 e5
30.Re3f3 e4
31.Bb1xe4 Nf6xe4
32.Re1xe4 Rc6xg6
{ abandon }0-1

[Event "Défi( 10J+24H/c 10J Max )"]
[Site "www.echecsemail.com"]
[Date "2026.01.13"]
[Round "1"]
[White "Patau"]
[Black "Woluwe1975"]
[WhiteElo "1700"]
[BlackElo "1610"]
[Result "1-0"]
1.e4 e6
2.d4 c6
3.f4 g6
4.c4 Bf8g7
5.Ng1f3 h6
6.Bf1d3 Ng8e7
7.O-O O-O
8.Nb1c3 d5
9.Bc1e3 dxe4
10.Nc3xe4 f5
11.Ne4c5 b6
12.Nc5b3 Bc8b7
13.Nf3e5 Nb8d7
14.Qd1e2 Nd7xe5
15.fxe5 Bb7a6
16.c5 b5
17.Qe2f3 Ne7d5
18.Qf3h3 Nd5xe3
19.Qh3xe3 g5
20.Nb3d2 Qd8d5
21.Nd2b3 Ra8c8
22.Qe3f3 Qd5d7
23.Ra1d1 Qd7e8
24.Bd3e2 Rc8d8
25.Qf3h5 Qe8xh5
26.Be2xh5 Ba6b7
27.Bh5g6 a6
28.Nb3a5 Bb7a8
29.Na5b3 a5
30.Nb3xa5 Rd8d5
31.Na5b3 Ba8b7
32.Rd1d3 f4
33.Bg6e4 Rd5d7
34.Nb3a5 Bb7a8
35.Be4xc6 Ba8xc6
36.Na5xc6 b4
37.Nc6xb4 Rf8b8
38.a3 Bg7f8
39.Rf1c1 Rd7d8
40.Nb4c6 Kf7
41.Nc6xb8 Rd8xb8
42.b4 Ke7
43.d5 exd5
44.Rd3xd5 Ke6
45.Rc1d1 Kf5
46.Kf2 Rb8a8
47.Rd5d8 { abandon }1-0

[Event "Défi"]
[Site "www.echecsemail.com"]
[Date "2026.01.13"]
[Round "1"]
[White "Baloo"]
[Black "Voyageur"]
[WhiteElo "1470"]
[BlackElo "1500"]
[Result "1-0"]
1.e4 g6
2.d4 d6
3.d5 b6
4.c4 Bf8g7
5.Nb1d2 Bc8b7
6.Ra1b1 c6
7.dxc6 Nb8xc6
8.Bf1d3 Ng8f6
9.Ng1e2 O-O
10.Ne2g3 e5
11.O-O Nc6d4
12.b3 Qd8d7
13.Ng3e2 Nd4c6
14.Ne2c3 Nc6d4
15.Rf1e1 Bg7h6
16.Bc1a3 Rf8d8
17.b4 Bh6xd2
18.Qd1xd2 Qd7g4
19.Bd3e2 Nd4xe2
20.Nc3xe2 Qg4xg2
21.Kxg2 Nf6xe4
22.Qd2d3 Ne4c5
23.Qd3f3 Bb7xf3
24.Kxf3 Nc5e6
25.Kg2 f5
26.Ne2c3 Ra8c8
27.Nc3b5 Rd8d7
28.Rb1c1 a6
29.Nb5c3 e4
30.Nc3a4 b5
31.Na4b6 Rd7c7
32.Nb6xc8 Rc7xc8
33.cxb5 axb5
34.Rc1xc8 Kg7
35.Re1d1 Ne6f4
36.Kf1 d5
37.Ba3c1 Nf4d3
38.Rc8b8 { abandon }1-0

[Event "Défi"]
[Site "www.echecsemail.com"]
[Date "2026.01.13"]
[Round "1"]
[White "Gediato30"]
[Black "Bibisept"]
[WhiteElo "2170"]
[BlackElo "1980"]
[Result "1-0"]
1.c4 e5
2.Nb1c3 Ng8f6
3.Ng1f3 Bf8c5
4.g3 Nb8c6
5.Bf1g2 O-O
6.O-O d6
7.d3 Bc8g4
8.Bc1g5 h6
9.Bg5xf6 Qd8xf6
10.Nc3d5 Qf6d8
11.Qd1b3 Nc6a5
12.Qb3c2 Na5c6
13.e3 Nc6b4
14.Nd5xb4 Bc5xb4
15.a3 Bb4a5
16.b4 Ba5b6
17.Nf3d2 Ra8b8
18.Nd2b3 c5
19.h3 Bg4f5
20.e4 Bf5g6
21.bxc5 dxc5
22.a4 a5
23.Qc2c3 Bb6c7
24.Nb3xc5 b6
25.Nc5a6 Rb8b7
26.Na6xc7 Qd8xc7
27.f4 Qc7c5
28.Kh1 Rf8e8
29.fxe5 Qc5xe5
30.Qc3xe5 Re8xe5
31.Rf1e1 Rb7d7
32.Ra1d1 Rd7d4
33.Bg2f1 f6
34.g4 Kf7
35.Kg2 Ke7
36.Rd1b1 Re5e6
37.Kf3 Kd7
38.Ke3 Rd4d6
39.Re1d1 Kc7
40.Rd1c1 Rd6c6
41.Bf1g2 Rc6c5
42.Bg2f3 Bg6e8
43.d4 Rc5g5
44.h4 Rg5g6
45.c5 bxc5
46.Rc1xc5 Kd6
47.Rb1b6 Ke7
48.Rb6xe6 Kxe6
49.Rc5xa5 Be8d7
50.h5 Rg6g5
51.Ra5xg5 hxg5
52.a5 Bd7b5
53.Bf3e2 Bb5c6
54.d5 { abandon }1-0

[Event "Amical( 10J+24H/c 10J Max )"]
[Site "www.echecsemail.com"]
[Date "2026.01.13"]
[Round "1"]
[White "Woluwe1975"]
[Black "Patau"]
[WhiteElo "1660"]
[BlackElo "1710"]
[Result "1-0"]
1.d4 d5
2.Bc1f4 Ng8f6
3.e3 e6
4.Ng1f3 c5
5.c3 cxd4
6.exd4 Bf8d6
7.Nf3e5 O-O
8.Bf1d3 Nb8c6
9.Nb1d2 Qd8b6
10.Qd1b3 Rf8d8
11.Nd2f3 Nf6e4
12.O-O f6
13.Ne5xc6 bxc6
14.Bf4e3 Qb6xb3
15.axb3 a5
16.g3 Bc8a6
17.c4 c5
18.Ra1a4 cxd4
19.Be3xd4 Bd6b4
20.Bd4b6 Rd8c8
21.Bb6xa5 Bb4xa5
22.Ra4xa5 dxc4
23.Bd3xe4 cxb3
24.Be4xa8 Rc8xa8
25.Rf1a1 Ba6b7
26.Ra5xa8 { abandon }1-0

[Event "Eq:Vikings-La Diagonale du Fou :"]
[Site "www.echecsemail.com"]
[Date "2026.01.13"]
[Round "1"]
[White "Gege62111"]
[Black "Woluwe1975"]
[WhiteElo "1720"]
[BlackElo "1660"]
[Result "1/2-1/2"]
1.e4 c5
2.Nb1c3 a6
3.Ng1f3 Nb8c6
4.Bf1e2 d6
5.O-O e5
6.Nc3d5 h6
7.d3 Ng8f6
8.Rf1e1 Bc8e6
9.Nd5xf6 Qd8xf6
10.b3 g5
11.Bc1a3 b5
12.c4 b4
13.Ba3b2 Bf8g7
14.a3 O-O
15.axb4 Nc6xb4
16.Bb2a3 Nb4c6
17.h3 a5
18.Nf3h2 Nc6d4
19.Be2g4 Rf8b8
20.Ra1b1 Qf6e7
21.Bg4xe6 Nd4xe6
22.Nh2g4 Ne6d4
23.Ng4e3 Qe7d8
24.Ne3d5 Kh7
25.Ba3b2 Rb8xb3
26.Bb2xd4 Rb3xb1
27.Qd1xb1 cxd4
28.Qb1b7 Kg6
29.Nd5e7 Kh7
30.Ne7f5 Ra8b8
31.Qb7xf7 Qd8f6
32.Qf7d5 Bg7f8
33.Qd5xa5 Rb8d8
34.Re1b1 Rd8d7
35.Qa5b5 Qf6f7
36.Qb5b8 Kg6
37.Rb1b6 h5
38.Nf5xd6 Bf8xd6
39.Rb6xd6 Rd7xd6
40.Qb8xd6 Qf7f6
41.Qd6b4 Qf6f4
42.c5 Qf4c1
43.Kh2 Qc1f4
44.Kg1 Qf4c1
45.Kh2 Qc1f4
46.Kg1 Qf4c1
47.Kh2 Qc1f4
48.Kg1 Qf4c1
49.Kh2 Qc1f4
1/2-1/2

[Event "Défi( 10J+24H/c 10J Max )"]
[Site "www.echecsemail.com"]
[Date "2026.01.14"]
[Round "1"]
[White "4x4"]
[Black "Utopia65"]
[WhiteElo "1420"]
[BlackElo "1490"]
[Result "0-1"]
1.e4 e5
2.f4 d6
3.f5 Ng8f6
4.d3 Nb8c6
5.Nb1c3 Bc8d7
6.Bc1g5 Bf8e7
7.Qd1d2 h6
8.Bg5xf6 Be7xf6
9.Ng1f3 Nc6e7
10.O-O-O c6
11.Kb1 a6
12.d4 O-O
13.dxe5 Ne7c8
14.exd6 Bf6xc3
15.Qd2xc3 f6
16.Nf3d4 Nc8xd6
17.Bf1c4 Kh8
18.g4 Nd6xe4
19.Qc3e3 Rf8e8
20.Nd4e6 Ne4g5
21.Ne6xd8 Re8xe3
22.Rd1xd7 Ng5e4
23.Nd8xb7 Ra8b8
24.Nb7a5 Ne4c3
25.Kc1 Nc3a4
26.b3 Na4c5
27.Rd7d2 Re3c3
28.Kb2 Nc5a4
29.Kc1 Na4c5
30.Na5xc6 Rb8e8
31.Kb2 Rc3f3
32.Nc6d4 Nc5e4
33.Rd2d3 Rf3f2
34.Rh1d1 Rf2xh2
35.Nd4e6 Ne4f2
36.Rd1d2 Nf2xd3
37.cxd3 Rh2xd2
38.Ka3 Rd2g2
39.Bc4xa6 Re8a8
40.Ne6c5 Rg2xg4
41.b4 h5
42.b5 Rg4f4
43.Kb3 Rf4xf5
44.d4 Rf5f3
45.Kb4 Ra8e8
46.a4 Re8e3
47.d5 Rf3f4
48.Ka5 h4
49.Ba6b7 g5
50.b6 Rf4f5
51.Nc5e6 h3
52.Ka6 Re3e4
53.Ne6c7 Re4xa4
54.Kb5 Rf5f4
55.Bb7a6 Ra4e4
56.Kc6 h2
57.d6 h1Q
58.Kb7 Re4d4
59.Kb8 Rd4xd6
60.Ba6b7 Qh1h5
61.Ka7 Rf4b4
62.Nc7a6 Rb4xb6
63.Na6c7 Qh5f7
64.Nc7a8 Qf7xb7
0-1

[Event "Coupe Niveau 6"]
[Site "www.echecsemail.com"]
[Date "2026.01.14"]
[Round "1"]
[White "Guig47"]
[Black "Carrighir"]
[WhiteElo "2200"]
[BlackElo "2110"]
[Result "1-0"]
1.e4 c5
2.c3 d5
3.exd5 Qd8xd5
4.d4 Ng8f6
5.Ng1f3 g6
6.Bf1e2 Bf8g7
7.O-O cxd4
8.Nf3xd4 Nb8c6
9.Be2f3 Qd5d7
10.Nd4xc6 bxc6
11.Qd1a4 Bc8b7
12.Rf1d1 Qd7c7
13.Bc1f4 e5
14.Bf4xe5 Qc7b6
15.Be5d6 { abandon }1-0

[Event "Eq:les modestes-modesty :"]
[Site "www.echecsemail.com"]
[Date "2026.01.14"]
[Round "1"]
[White "Dedechecs"]
[Black "Fred"]
[WhiteElo "2190"]
[BlackElo "2750"]
[Result "0-1"]
1.Ng1f3 d5
2.c4 c6
3.g3 dxc4
4.Bf1g2 Nb8d7
5.O-O Nd7b6
6.a4 a5
7.Qd1c2 Bc8e6
8.Nb1a3 Ng8f6
9.e3 Be6d5
10.Rf1e1 Bd5e4
11.Qc2c3 Qd8d5
12.Nf3h4 e5
 { temps }0-1

[Event "Tournoi n27257"]
[Site "www.echecsemail.com"]
[Date "2026.01.14"]
[Round "1"]
[White "Nicadria22"]
[Black "Arcadie"]
[WhiteElo "1930"]
[BlackElo "2050"]
[Result "0-1"]
1.e4 e5
2.Ng1f3 Nb8c6
3.Bf1b5 Bf8c5
4.c3 d6
5.d4 exd4
6.cxd4 Bc5b4
7.Bc1d2 Bb4xd2
8.Nb1xd2 Bc8d7
9.a3 Ng8e7
10.d5 Nc6e5
11.Bb5e2 Ne7g6
12.Qd1b3 Ra8b8
13.Qb3c3 O-O
14.Nd2c4 f6
15.h3 Ng6f4
16.Be2f1 Bd7b5
17.g3 Nf4d3
18.Bf1xd3 Ne5xf3
19.Ke2 Nf3g5
20.h4 Ng5f7
21.b3 Qd8e7
22.Rh1e1 Qe7d7
23.Kf1 Qd7h3
24.Kg1 Bb5xc4
25.Qc3xc4 Nf7e5
{ abandon }0-1

[Event "Eq:les modestes-Mission Impossible :"]
[Site "www.echecsemail.com"]
[Date "2026.01.14"]
[Round "1"]
[White "Fred"]
[Black "Alizarine"]
[WhiteElo "2780"]
[BlackElo "2520"]
[Result "1-0"]
1.d4 Ng8f6
2.c4 g6
3.Nb1c3 d5
4.Ng1f3 Bf8g7
5.Bc1f4 O-O
6.e3 c5
7.dxc5 Qd8a5
8.Ra1c1 dxc4
9.Bf1xc4 Nb8d7
10.O-O Nd7xc5
11.Nf3d4 Bc8g4
12.Qd1c2 Ra8c8
13.h3 Bg4d7
14.Qc2b1 Qa5b6
15.Bf4e5 Nc5e6
16.Nd4xe6 Bd7xe6
17.Be5d4 Qb6c6
18.Bc4d3 a6
19.Rf1d1 Rf8d8
20.b3 Nf6d5
21.Nc3e4 Qc6e8
22.Bd4xg7 Kxg7
23.Ne4c5 Rc8c7
24.Bd3e4 Rd8c8
25.Be4xd5 Rc7xc5
26.Bd5xb7 Rc5xc1
27.Rd1xc1 Rc8xc1
28.Qb1xc1 Qe8b5
29.Qc1c6 Qb5xc6
30.Bb7xc6 Kf6
31.f4 h6
32.Kf2 g5
33.Kf3 h5
34.e4 g4
35.Kg3 Be6c8
36.a3 { abandon }1-0

[Event "Tournoi n27279"]
[Site "www.echecsemail.com"]
[Date "2026.01.14"]
[Round "1"]
[White "Chessmat"]
[Black "4x4"]
[WhiteElo "1299"]
[BlackElo "1480"]
[Result "1-0"]
1.e4 e5
2.Bf1c4 d6
3.Ng1f3 Bc8e6
4.Qd1e2 Nb8c6
5.a3 Ng8f6
6.Bc4a2 Nc6d4
7.Nf3xd4 exd4
8.d3 c5
9.Nb1d2 Qd8d7
10.b4 O-O-O
11.Nd2c4 b5
12.Nc4a5 Be6xa2
13.Ra1xa2 c4
14.O-O c3
15.Qe2f3 Qd7e6
16.Ra2a1 g6
17.e5 Rd8d7
18.Qf3a8 Kc7
19.Qa8b7 Kd8
20.Qb7b8 Ke7
21.Na5c6 1-0

[Event "Défi"]
[Site "www.echecsemail.com"]
[Date "2026.01.14"]
[Round "1"]
[White "Jenperlatete"]
[Black "Den"]
[WhiteElo "1910"]
[BlackElo "1880"]
[Result "1-0"]
1.e4 d5
2.d4 e6
3.e5 Nb8d7
4.Ng1f3 c5
5.Bc1e3 Bf8e7
6.Nb1c3 Qd8c7
7.Nc3b5 Qc7b6
8.dxc5 Qb6c6
9.Nb5d6 Be7xd6
10.exd6 Nd7xc5
11.Be3f4 Ng8f6
12.b4 Nc5e4
13.Bf1d3 Ne4xd6
14.O-O O-O
15.Nf3d4 Qc6d7
16.a4 Rf8e8
17.Nd4b5 e5
18.Bf4e3 a6
19.Nb5xd6 Qd7xd6
20.Be3c5 Qd6e6
21.Rf1e1 Qe6d7
22.b5 Qd7c7
23.Bc5b4 a5
24.Bb4d2 e4
25.Bd3e2 d4
26.Ra1b1 Bc8f5
27.b6 Qc7d6
28.Rb1b5 Bf5g6
29.Bd2xa5 Ra8d8
30.Ba5b4 Qd6e6
31.a5 d3
32.cxd3 Qe6d7
33.d4 Nf6d5
34.Qd1b3 Nd5f4
35.Qb3e3 Nf4d3
36.Be2xd3 exd3
37.Rb5e5 f6
38.Re5e7 Qd7a4
39.Qe3d2 Rd8xd4
40.Bb4c3 Rd4d8
41.Bc3b4 Re8xe7
42.Re1xe7 Qa4c2
43.Re7xb7 Qc2b1
44.Qd2e1 Qb1xe1
45.Bb4xe1 d2
46.Be1xd2 Rd8xd2
47.Rb7b8 Kf7
48.f3 Rd2a2
49.Rb8b7 Ke8
50.Rb7a7 Bg6d3
51.b7 { abandon }1-0

[Event "Défi"]
[Site "www.echecsemail.com"]
[Date "2026.01.14"]
[Round "1"]
[White "Snarf"]
[Black "Asvel69"]
[WhiteElo "1720"]
[BlackElo "1780"]
[Result "1-0"]
1.e4 e5
2.Ng1f3 Nb8c6
3.Bf1b5 d6
4.Bb5xc6 bxc6
5.d3 h6
6.Nb1c3 Ng8f6
7.Bc1e3 Nf6g4
8.h3 Ng4xe3
9.fxe3 Bf8e7
10.Qd1e2 a5
11.d4 Bc8a6
12.Qe2d2 Be7h4
13.Kd1 O-O
14.dxe5 dxe5
15.Nf3xe5 Qd8xd2
16.Kxd2 Ra8d8
17.Ne5d3 c5
18.b3 c4
19.bxc4 Ba6xc4
20.Ra1b1 f5
21.Rh1f1 f4
22.exf4 Rf8xf4
23.Rf1xf4 Bh4g5
24.g3 c5
25.Ke3 Rd8f8
26.Nd3xc5 Bg5xf4
27.gxf4 Bc4f1
28.Rb1xf1 h5
29.e5 h4
30.f5  { temps }1-0

[Event "Défi( 10J+24H/c 10J Max )"]
[Site "www.echecsemail.com"]
[Date "2026.01.14"]
[Round "1"]
[White "Florianf"]
[Black "Necromancien"]
[WhiteElo "1690"]
[BlackElo "1399"]
[Result "1-0"]
1.e4 e5
2.Ng1f3 Nb8c6
3.Bf1c4 d6
4.h3 Ng8f6
5.Nb1c3 a6
6.a3 b5
7.Bc4b3 h6
8.d4 g5
9.dxe5 dxe5
10.Qd1xd8 Nc6xd8
11.Nf3xe5 Bf8d6
12.Ne5d3 Nd8e6
13.e5 Bd6xe5
14.Nd3xe5  { temps }1-0

[Event "Défi"]
[Site "www.echecsemail.com"]
[Date "2026.01.14"]
[Round "1"]
[White "Kaspy"]
[Black "Khamis"]
[WhiteElo "1840"]
[BlackElo "1880"]
[Result "0-1"]
1.e4 c5
2.Bf1c4 e6
3.Nb1c3 Nb8c6
4.a3 Ng8f6
5.d3 d5
6.exd5 exd5
7.Bc4a2 h6
8.h3 Bf8e7
9.Ng1f3 O-O
10.O-O Kh8
11.Nc3e2 a6
12.Ne2f4 b5
13.b3 g5
14.Nf4e2 Nf6h7
15.Ne2g3 Be7f6
16.Ra1b1 Bf6c3
17.Ng3h5 Bc8f5
18.Bc1d2 Bc3xd2
19.Qd1xd2 Bf5g6
20.Nh5g3 f5
21.Rf1e1 f4
22.Ng3e2 Rf8e8
23.Ne2c3 Nh7f6
24.Re1xe8 Qd8xe8
25.Rb1e1 Qe8d7
26.Nf3e5 Nc6xe5
27.Re1xe5 Ra8e8
28.Re5xe8 Qd7xe8
29.b4 c4
30.dxc4 dxc4
31.Kh2 Kh7
32.Ba2b1 h5
33.f3 h4
34.Qd2d1 Qe8e3
35.Nc3e2 c3
36.Ne2c1 Qe3d2
37.Qd1f1 Nf6d5
38.Nc1d3 Nd5e3
39.Qf1f2 Bg6xd3
{ abandon }0-1

[Event "Tournoi n27295"]
[Site "www.echecsemail.com"]
[Date "2026.01.14"]
[Round "1"]
[White "Katastrofic"]
[Black "Kaelstrum"]
[WhiteElo "1430"]
[BlackElo "1470"]
[Result "1-0"]
1.e4 e5
2.Bf1c4 Bf8c5
3.h3 Ng8f6
4.d3 h6
5.Ng1f3 Nb8c6
6.O-O d6
7.a3 a6
8.b4 Bc5a7
9.Nb1c3 Bc8e6
10.Bc4xe6 fxe6
11.Rf1e1 O-O
12.Bc1e3 Ba7xe3
13.Re1xe3 Nc6d4
14.Nc3e2 Nd4xe2
15.Qd1xe2 Qd8e7
16.c4 Nf6h7
17.a4 Nh7g5
18.Nf3xg5 Qe7xg5
19.Re3g3 Qg5h5
20.Qe2xh5 Kh8
21.Rg3g6 { abandon }1-0

[Event "Tournoi n27307"]
[Site "www.echecsemail.com"]
[Date "2026.01.14"]
[Round "1"]
[White "Willkommen54"]
[Black "Gonzok67"]
[WhiteElo "1990"]
[BlackElo "1840"]
[Result "1-0"]
1.d4 Ng8f6
2.Ng1f3 d5
3.e3 e6
4.Bf1d3 Nb8d7
5.b3 Bf8e7
6.Bc1b2 O-O
7.O-O b6
8.Nb1d2 Bc8b7
9.Nf3e5 c5
10.f4 a5
11.Rf1f3 g6
12.Rf3h3 h5
13.Nd2f3 Nf6e4
14.Nf3d2 Ne4xd2
15.Qd1xd2 Nd7f6
16.Qd2e1 Ra8c8
17.Qe1g3 Nf6e4
18.Bd3xe4 Be7f6
19.Be4d3 Bf6g7
20.Qg3f2 Qd8e8
21.a4 Rc8a8
22.Bd3b5 Qe8e7
23.c4 Ra8b8
24.Ne5d7 Rf8d8
25.Nd7xb8 Rd8xb8
26.Qf2g3 Qe7d8
27.Qg3e1 Qd8d6
28.Qe1f2 Bb7c8
29.Rh3f3 Bc8b7
30.Rf3h3 cxd4
31.Bb2xd4 Bg7h6
32.Bd4e5 Qd6d8
33.Be5xb8 Qd8xb8
34.Ra1d1 dxc4
35.Bb5xc4 Qb8c7
36.Qf2g3 Qc7c5
37.Qg3f2 Qc5c7
38.Qf2g3 Kh7
39.Qg3h4 Qc7c6
40.Rh3g3 Bh6f8
41.Qh4f6 Qc6e8
42.Qf6d8 Qe8xd8
43.Rd1xd8 Kg7
44.Rd8d7 Bb7c6
45.Rd7a7 Bc6d5
46.Bc4xd5 exd5
47.Rg3g5 Bf8c5
48.Rg5e5 d4
49.Kf2 Kf6
50.Re5e4 dxe3
51.Re4xe3 { abandon }1-0

[Event "TRISTAN DA CUNHA"]
[Site "www.echecsemail.com"]
[Date "2026.01.14"]
[Round "1"]
[White "Rachess"]
[Black "Mindthegap"]
[WhiteElo "1550"]
[BlackElo "1420"]
[Result "0-1"]
1.e4 e5
2.Ng1f3 Nb8c6
3.Nb1c3 Ng8f6
4.Bf1c4 Nf6xe4
5.Nc3d5 Ne4d6
6.Bc4b3 e4
7.Qd1e2 Bf8e7
8.Nf3g1 O-O
9.c3 Nc6e5
10.Ng1h3 Ne5d3
11.Kf1 b6
12.Bb3c2 Bc8a6
13.Kg1 Nd3b4
14.Nd5xe7 Qd8xe7
15.Qe2d1 Nb4xc2
16.Qd1xc2 Qe7h4
17.b3 Ba6d3
18.Qc2d1 Rf8e8
19.Bc1b2 Re8e6
20.c4 Re6g6
 { temps }0-1

[Event "Coupe Niveau 4"]
[Site "www.echecsemail.com"]
[Date "2026.01.14"]
[Round "1"]
[White "Alain64"]
[Black "Verson"]
[WhiteElo "2070"]
[BlackElo "1880"]
[Result "1-0"]
1.c4 Ng8f6
2.Nb1c3 e6
3.e4 d5
4.e5 Nf6e4
5.Nc3xe4 dxe4
6.Qd1g4 Nb8c6
7.Qg4xe4 Bf8e7
8.Ng1f3 O-O
9.a3 f6
10.d4 fxe5
11.dxe5 Qd8e8
12.Bf1d3 g6
13.Bc1h6 Rf8f7
14.O-O-O b6
15.h4 Bc8b7
16.Nf3g5 Be7xg5
17.Bh6xg5 Nc6a5
18.Qe4e3 Rf7d7
19.h5 Ra8c8
20.hxg6 hxg6
21.Bg5f6 Na5b3
22.Kb1 { abandon }1-0

[Event "Coupe Niveau 2"]
[Site "www.echecsemail.com"]
[Date "2026.01.14"]
[Round "1"]
[White "Katastrofic"]
[Black "Patau"]
[WhiteElo "1430"]
[BlackElo "1690"]
[Result "0-1"]
1.e4 e5
2.Bf1c4 c6
3.a3 d5
4.exd5 cxd5
5.Bc4a2 Ng8f6
6.d3 Nb8c6
7.Ng1f3 Bf8c5
8.O-O O-O
9.Nb1c3 Bc8g4
10.h3 Bg4xf3
11.Qd1xf3 e4
12.dxe4 Nc6d4
13.Qf3d1 dxe4
14.Bc1e3 Bc5b6
15.Be3xd4 Qd8xd4
16.Qd1xd4 Bb6xd4
17.Ra1b1 Bd4xc3
18.bxc3 b6
19.Rb1d1 Ra8d8
20.Rd1d4 Rd8xd4
21.cxd4 Rf8c8
22.c4 Nf6d7
23.f4 exf3
24.Rf1xf3 Nd7f6
25.Rf3f5 Rc8e8
26.Kf1 Re8e4
27.d5 Kf8
28.Kf2 Re4d4
29.Kf3 Rd4d3
30.Ke2 Rd3xa3
31.Ba2b1 Ke7
32.Rf5e5 Kd6
{ abandon }0-1

[Event "Tournoi n27318"]
[Site "www.echecsemail.com"]
[Date "2026.01.14"]
[Round "1"]
[White "Titi050"]
[Black "Verson"]
[WhiteElo "1780"]
[BlackElo "1860"]
[Result "1-0"]
1.c4 Ng8f6
2.d4 e6
3.Ng1f3 d5
4.Nb1c3 c6
5.cxd5 exd5
6.e3 Bc8g4
7.Bf1e2 Bf8d6
8.O-O O-O
9.Ra1b1 Nb8d7
10.b4 Rf8e8
11.a4 Nf6e4
12.Bc1d2 Nd7f6
13.b5 Bd6c7
14.bxc6 bxc6
15.Nc3xe4 Nf6xe4
16.Qd1c2 Bg4xf3
17.Be2xf3 Ra8b8
18.Bf3xe4 Re8xe4
19.h3 Qd8d6
20.f4 Re4e8
21.Rb1xb8 Re8xb8
22.Rf1b1 h6
23.Rb1xb8 Bc7xb8
24.Qc2b3 Qd6c7
25.a5 a6
26.Qb3b6 Qc7xb6
27.axb6 f5
28.Bd2b4 h5
29.Kf1 Kf7
30.Ke2 Ke6
31.Kd3 Kd7
32.Kc3 Bb8d6
33.Bb4xd6 Kxd6
34.Kb4 h4
35.Ka5 Kd7
36.Kxa6 { abandon }1-0

[Event "Défi"]
[Site "www.echecsemail.com"]
[Date "2026.01.14"]
[Round "1"]
[White "Tartu"]
[Black "Gaspard83"]
[WhiteElo "1670"]
[BlackElo "1620"]
[Result "1-0"]
1.e4 e6
2.d4 d5
3.Nb1c3 c5
4.Ng1f3 Ng8e7
5.Bf1e2 Nb8c6
6.O-O Ne7g6
7.exd5 exd5
8.h3 Bf8e7
9.Rf1e1 O-O
10.dxc5 Bc8f5
11.a3 Be7xc5
12.b4 Bc5b6
13.Be2d3 Bf5xd3
14.Qd1xd3 a5
15.b5 Nc6e7
16.a4 d4
17.Nc3e4 Ne7d5
18.Nf3xd4 Ng6f4
19.Qd3d2 Rf8e8
20.Bc1b2 Qd8h4
21.Nd4f3 Nf4xh3
22.gxh3 Qh4xh3
23.Qd2g5 f6
24.Qg5xd5 { abandon }1-0

[Event "Tournoi n27355"]
[Site "www.echecsemail.com"]
[Date "2026.01.14"]
[Round "1"]
[White "Tiounet"]
[Black "Leredoutable"]
[WhiteElo "1650"]
[BlackElo "1760"]
[Result "0-1"]
1.a3 d5
2.b4 e5
3.Bc1b2 Nb8c6
4.b5 Nc6a5
5.Bb2xe5 Na5c4
6.Be5c3 Ng8f6
7.d3 Nc4b6
8.g3 Bc8d7
9.a4 Bf8c5
10.Bf1g2 Nf6g4
11.e3 Bd7e6
12.Ng1e2 Nb6d7
13.O-O Qd8g5
14.Ne2f4 Be6f5
15.h4 Qg5h6
16.Nf4xd5 c6
17.bxc6 bxc6
18.Nd5f4 O-O-O
19.Bg2f3 Ng4xe3
20.fxe3 Bc5xe3
21.Kg2 Be3xf4
22.gxf4 Qh6xh4
23.Rf1h1 Qh4xf4
24.Rh1f1 Qf4g5
25.Kf2 Qg5h4
26.Ke2 Rh8e8
27.Bf3e4 Bf5g4
28.Rf1f3 Bg4xf3
29.Kxf3 Nd7c5
30.Be4f5 Kb7
31.Nb1d2 g6
32.Bf5g4 f5
33.Kf4 fxg4
34.Qd1xg4 Re8f8
{ abandon }0-1

[Event "Tournoi n27376"]
[Site "www.echecsemail.com"]
[Date "2026.01.14"]
[Round "1"]
[White "Domenico"]
[Black "Verson"]
[WhiteElo "1710"]
[BlackElo "1860"]
[Result "0-1"]
1.e4 e6
2.Bf1c4 d5
3.exd5 exd5
4.Bc4e2 Ng8f6
5.d4 Bf8d6
6.Ng1f3 O-O
7.O-O Bc8g4
8.Bc1e3 c6
9.Nb1d2 Nb8d7
10.Nf3g5 Bg4f5
11.Be2f3 h6
12.Ng5h3 Nf6e4
13.Nh3f4 Rf8e8
14.c3 Qd8c7
15.a4 Bd6xf4
16.Be3xf4 Qc7d8
17.Bf4g3 Ne4xg3
18.hxg3 Nd7f6
19.b4 Qd8d7
20.Nd2b3 Nf6e4
21.Qd1c1 b6
22.c4 Ne4g5
23.cxd5 cxd5
24.a5 Ra8c8
25.Qc1f4 Rc8c3
26.Nb3d2 Ng5xf3
27.Nd2xf3 Re8e4
28.Qf4c1 Rc3xc1
29.Ra1xc1 Re4e8
30.Nf3e5 Qd7b7
31.axb6 Qb7xb6
32.Ne5f3 Qb6xb4
33.Nf3e5 Qb4xd4
34.Ne5f3 Qd4b6
{ abandon }0-1

[Event "Coupe Niveau 2"]
[Site "www.echecsemail.com"]
[Date "2026.01.14"]
[Round "1"]
[White "4x4"]
[Black "Tartu"]
[WhiteElo "1500"]
[BlackElo "1720"]
[Result "0-1"]
1.e4 c5
2.Bf1c4 Nb8c6
3.d3 e6
4.Bc1e3 a6
5.Ng1e2 b5
6.Bc4b3 Bc8b7
7.c4 d6
8.Nb1c3 Bf8e7
9.Qd1d2 b4
10.Nc3a4 Ng8f6
11.O-O-O O-O
12.f3 e5
13.Ne2g3 Bb7c8
14.Ng3f5 Bc8xf5
15.exf5 Nc6d4
16.Be3xd4 cxd4
17.Qd2xb4 d5
18.c5 Ra8b8
19.Qb4d2 Qd8c8
20.g4 Be7xc5
21.Na4xc5 Qc8xc5
22.Qd2c2 Qc5a5
23.Kb1 Rf8c8
24.Qc2g2 Qa5b6
25.h4 a5
26.g5 Nf6h5
27.Bb3xd5 Nh5f4
28.Qg2g3 Qb6xb2
0-1

[Event "Défi"]
[Site "www.echecsemail.com"]
[Date "2026.01.14"]
[Round "1"]
[White "Bibisept"]
[Black "Arno"]
[WhiteElo "1980"]
[BlackElo "1780"]
[Result "1-0"]
1.d4 Ng8f6
2.c4 e6
3.Nb1c3 Bf8b4
4.Bc1g5 Nb8c6
5.a3 Bb4xc3
6.bxc3 d6
7.e4 Qd8e7
8.f4 h6
9.Bg5h4 Bc8d7
10.e5 dxe5
11.fxe5 Qe7f8
12.exf6 gxf6
13.Bh4xf6 Rh8g8
14.Ng1f3 Qf8d6
15.Qd1e2 Qd6f4
16.Bf6h4 Rg8g4
17.g3 Qf4f5
18.Bf1h3 Rg4e4
19.Bh3xf5 Re4xe2
20.Kxe2 exf5
21.Rh1e1 Nc6a5
22.Kd3 Kf8
23.Re1e7 Bd7c6
24.Nf3e5 Bc6e4
25.Ke3 { abandon }1-0

[Event "Coupe Niveau 2"]
[Site "www.echecsemail.com"]
[Date "2026.01.14"]
[Round "1"]
[White "Patau"]
[Black "Katastrofic"]
[WhiteElo "1700"]
[BlackElo "1440"]
[Result "1-0"]
1.e4 e5
2.Ng1f3 d6
3.d4 Bf8e7
4.dxe5 dxe5
5.Qd1xd8 Be7xd8
6.Nf3xe5 Ng8f6
7.Nb1c3 O-O
8.Bf1d3 Nb8d7
9.Bc1f4 Nd7xe5
10.Bf4xe5 a6
11.O-O b5
12.f4 Nf6g4
13.Rf1e1 Ng4f6
14.Nc3d5 c6
15.Nd5xf6 Bd8xf6
16.Be5xf6 gxf6
17.Re1e3 c5
18.Re3g3 Kh8
19.e5 fxe5
20.f5 f6
21.Bd3e4 Ra8b8
22.Ra1d1 Bc8b7
23.Be4xb7 Rb8xb7
24.Rg3d3 Rb7b8
25.Rd3d6 a5
26.Rd6d7 a4
27.Rd1d3 Kg8
28.Rd3g3 Kh8
29.Rg3g7 { abandon }1-0

[Event "Défi( 10J+24H/c 10J Max )"]
[Site "www.echecsemail.com"]
[Date "2026.01.14"]
[Round "1"]
[White "Tiounet"]
[Black "Titit1"]
[WhiteElo "1690"]
[BlackElo "1490"]
[Result "1-0"]
1.a3 d5
2.b4 e5
3.Bc1b2 Ng8f6
4.Bb2xe5 Bf8d6
5.Be5b2 O-O
6.g3 Bc8f5
7.d3 Qd8e7
8.Bf1g2 Nb8d7
9.Ng1f3 Rf8e8
10.e3 c5
11.bxc5 Bd6xc5
12.O-O Qe7d6
13.Nf3h4 a6
14.Nh4xf5 Qd6c6
15.Nb1d2 b5
16.Nd2b3 Bc5b6
17.Ra1c1 Qc6e6
18.Nf5h4 Nd7c5
19.Nb3d4 Qe6c8
20.Nd4f5 Qc8c7
21.Bb2xf6 gxf6
22.Nf5h6 Kf8
23.Qd1g4 Ke7
24.Nh4f5 Kd8
25.Bg2xd5 Ra8b8
26.Nh6xf7 Kd7
27.Nf5d6 Ke7
28.Nd6xe8 Rb8xe8
29.d4 Nc5d7
30.Qg4g7 Nd7f8
31.Nf7h6 Kd8
32.Qg7xc7 Bb6xc7
33.Nh6f7 Ke7
34.c4 Bc7a5
35.c5 Ba5c7
36.Nf7h6 Nf8g6
37.Bd5c6 Re8b8
38.Nh6f5 Ke6
39.Nf5h6 Ng6e7
40.Bc6e4 b4
41.axb4 Rb8xb4
42.Rc1a1 a5
43.Be4xh7 Ne7d5
44.Bh7g8 Ke7
45.Bg8xd5 Rb4b2
46.Bd5g2 Ke6
47.Bg2h3 Kd5
48.Bh3g2 Kc4
49.Rf1c1 Kd3
50.Nh6g4 Kd2
51.Ng4xf6 Bc7d8
52.Nf6e4 Kd3
53.Ne4d6 Rb2b4
54.Nd6b7 Bd8c7
55.Nb7xa5 Bc7xa5
56.Ra1xa5 Rb4b2
57.Ra5a8 Rb2e2
58.c6 Kd2
59.Ra8a1 Kd3
60.c7 Re2b2
61.c8Q Ke2
62.Qc8g4 Kd2
63.Qg4d1 1-0